Milton's burden of interpretation
| Main Author: | |
|---|---|
| Format: | Print Book |
| Language: | English |
| Subito Delivery Service: | Order now. |
| Check availability: | HBZ Gateway |
| WorldCat: | WorldCat |
| Interlibrary Loan: | Interlibrary Loan for the Fachinformationsdienste (Specialized Information Services in Germany) |
| Published: |
Philadelphia
Univ. of Pennsylvania Press
1994
|
| In: | Year: 1994 |
| Reviews: | Milton's Burden of Interpretation. Dayton Haskin Torah and Law in "Paradise Lost". Jason P. Rosenblatt (1995) (Labriola, Albert C.)
|
| Standardized Subjects / Keyword chains: | B
Milton, John 1608-1674
/ Interpretation of
B Milton, John 1608-1674 / Bible reading |
| Further subjects: | B
Milton, John 1608-1674 Religion
B Books and reading England History 17th century B Bible In literature B Bible Criticism, interpretation, etc |
MARC
| LEADER | 00000cam a2200000 c 4500 | ||
|---|---|---|---|
| 001 | 278741878 | ||
| 003 | DE-627 | ||
| 005 | 20251222213733.0 | ||
| 007 | tu | ||
| 008 | 940909s1994 xxu||||| 00| ||eng c | ||
| 020 | |a 081223281X |9 0-8122-3281-X | ||
| 035 | |a (DE-627)278741878 | ||
| 035 | |a (DE-576)040984915 | ||
| 035 | |a (DE-599)GBV278741878 | ||
| 035 | |a (OCoLC)246842356 | ||
| 035 | |a (DE-604)809861651x | ||
| 040 | |a DE-627 |b ger |c DE-627 |e rakwb | ||
| 041 | |a eng | ||
| 044 | |c XD-US | ||
| 050 | 0 | |a PR3592.B5 | |
| 082 | 0 | |a 821/.4 | |
| 084 | |a 0 |2 ssgn | ||
| 084 | |a 7,25 |2 ssgn | ||
| 084 | |a HK 2575 |2 rvk |0 (DE-625)rvk/50276:11852 | ||
| 084 | |a 18.05 |2 bkl | ||
| 100 | 1 | |0 (DE-588)1145897959 |0 (DE-627)1007003413 |0 (DE-576)172686652 |4 aut |a Haskin, Dayton | |
| 109 | |a Haskin, Dayton | ||
| 245 | 1 | 0 | |a Milton's burden of interpretation |c Dayton Haskin |
| 264 | 1 | |a Philadelphia |b Univ. of Pennsylvania Press |c 1994 | |
| 300 | |a XXII, 314 S. | ||
| 336 | |a Text |b txt |2 rdacontent | ||
| 337 | |a ohne Hilfsmittel zu benutzen |b n |2 rdamedia | ||
| 338 | |a Band |b nc |2 rdacarrier | ||
| 500 | |a Includes bibliographical references (p. [279]-297) and index | ||
| 583 | 1 | |a Archivierung prüfen |c 20240324 |f DE-4165 |z 2 |2 pdager | |
| 653 | 0 | |a Milton, John |a 1608-1674 |a Religion | |
| 653 | 0 | |a Books and reading |a England |a History |a 17th century | |
| 653 | 0 | |a Bible |a Criticism, interpretation, etc | |
| 653 | 0 | |a Bible |a In literature | |
| 689 | 0 | 0 | |d p |0 (DE-588)118582607 |0 (DE-627)133743969 |0 (DE-576)162247494 |2 gnd |a Milton, John |d 1608-1674 |
| 689 | 0 | 1 | |d s |0 (DE-588)4072905-9 |0 (DE-627)10609386X |0 (DE-576)209188618 |2 gnd |a Interpretation |
| 689 | 0 | |5 (DE-627) | |
| 689 | 1 | 0 | |d p |0 (DE-588)118582607 |0 (DE-627)133743969 |0 (DE-576)162247494 |2 gnd |a Milton, John |d 1608-1674 |
| 689 | 1 | 1 | |d s |0 (DE-588)4137569-5 |0 (DE-627)104180617 |0 (DE-576)209678739 |2 gnd |a Bibellektüre |
| 689 | 1 | |5 (DE-627) | |
| 700 | 1 | |0 (DE-588)1051917999 |0 (DE-627)787081523 |0 (DE-576)407591567 |4 oth |a Haskin, Dayton | |
| 787 | 0 | 8 | |i Rezensiert in |a Labriola, Albert C. |t Milton's Burden of Interpretation. Dayton Haskin Torah and Law in "Paradise Lost". Jason P. Rosenblatt |d 1995 |w (DE-627)1811615341 |
| 889 | |w (DE-627)133140806 | ||
| 935 | |i mdedup | ||
| 935 | |i Blocktest | ||
| 936 | r | v | |a HK 2575 |b Sekundärliteratur |k Anglistik. Amerikanistik |k Englische Literatur |k 17. und 18. Jahrhundert (1640-1770) |k Literaturgeschichte |k Einzelne Autoren |k Autoren M |k Milton, John |k Milton, John |k Sekundärliteratur |0 (DE-627)1271773910 |0 (DE-625)rvk/50276:11852 |0 (DE-576)201773910 |
| 936 | b | k | |a 18.05 |j Englische Literatur |0 (DE-627)10640539X |
| 951 | |a BO | ||
| ELC | |b 1 | ||
| ORI | |a SA-MARC-ixtheo_oa001.raw | ||
| REL | |a 1 | ||
| STA | 0 | 0 | |a Bible reading,Interpretation of,Interpretation |
| STB | 0 | 0 | |a Interprétation,Lecture biblique |
| STC | 0 | 0 | |a Interpretación,Lectura bíblica |
| STD | 0 | 0 | |a Interpretazione,Lettura della Bibbia |
| STE | 0 | 0 | |a 读经,阐明,解释 |
| STF | 0 | 0 | |a 讀經,闡明,解釋 |
| STG | 0 | 0 | |a Interpretação,Leitura bíblica |
| STH | 0 | 0 | |a Интерпретация,Чтение Библии,Изучение Библии |
| STI | 0 | 0 | |a Βιβλική μελέτη,Ερμηνεία |
| SUB | |a REL | ||
| SYG | 0 | 0 | |a Milton, Joannis,1608-1674,Milton, Jan,1608-1674,Milton, J.,1608-1674,Mil'ton, Džon,1608-1674,Milʹton, D.,1608-1674,Milton,1608-1674,Miltoni, Jon,1608-1674,Miltonus Anglus, Johannes,1608-1674,Miltonus, Johannes,1608-1674,Miltonius, Johannes,1608-1674,Miltonius, Joannes,1608-1674,Polypragmaticus, Johannes,1608-1674,French, Joseph Milton,1608-1674,Milton, Johann,1608-1674,Milton, Joannes,1608-1674,Milton, Giovanni,1608-1674,Miltonus, Joannis,1608-1674,Miltonus, Joannes,1608-1674,M., J. (John Milton),1608-1674,Milton, Gioanni,1608-1674,J. M. (John Milton),1608-1674 , Milton, Joannis,1608-1674,Milton, Jan,1608-1674,Milton, J.,1608-1674,Mil'ton, Džon,1608-1674,Milʹton, D.,1608-1674,Milton,1608-1674,Miltoni, Jon,1608-1674,Miltonus Anglus, Johannes,1608-1674,Miltonus, Johannes,1608-1674,Miltonius, Johannes,1608-1674,Miltonius, Joannes,1608-1674,Polypragmaticus, Johannes,1608-1674,French, Joseph Milton,1608-1674,Milton, Johann,1608-1674,Milton, Joannes,1608-1674,Milton, Giovanni,1608-1674,Miltonus, Joannis,1608-1674,Miltonus, Joannes,1608-1674,M., J. (John Milton),1608-1674,Milton, Gioanni,1608-1674,J. M. (John Milton),1608-1674 , Bibellesen,Bibelstudium |



